Integral operators in potential theory
Saved in:
| Hovedforfatter: | |
|---|---|
| Format: | Bog |
| Sprog: | engelsk |
| Udgivet: |
Berlín
Springer-Verlag
1980
|
| Serier: | Lecture Notes in Mathematics, 823
|
| Fag: | |
| Tags: |
Tilføj Tag
Ingen Tags, Vær først til at tagge denne postø!
|
MARC
| LEADER | 00000nam a2200000 a 4500 | ||
|---|---|---|---|
| 001 | UCP1641 | ||
| 003 | CL-VaPUC | ||
| 008 | 990416e19800000GW |||||||||||||||||eng|d | ||
| 082 | 0 | 4 | |a 515.723 |b KRA |2 21 |
| 100 | 0 | |a Král, Josef |e author |9 427805 | |
| 245 | 1 | 0 | |a Integral operators in potential theory |
| 300 | |a 170 p | ||
| 942 | |c BK | ||
| 945 | |d 19990416 00:00:00 |a crobeson | ||
| 260 | |a Berlín |b Springer-Verlag |c 1980 | ||
| 650 | 7 | |a OPERADORES INTEGRALES |2 CL-VaPUC |9 423135 | |
| 650 | 7 | |a TEORIAS POTENCIAL |2 CL-VaPUC |9 427806 | |
| 650 | 0 | |a Integrales |9 260233 | |
| 583 | |a last modification |c 19990416 00:00:00 |k Rodrigo Vera | ||
| 490 | 0 | |a Lecture Notes in Mathematics, 823 | |
| 999 | |c 280306 |d 280304 | ||
| 952 | |0 0 |1 0 |4 0 |6 515_723000000000000_KRA_1980 |7 0 |8 A |9 320557 |a BIBMAT |b BIBMAT |d 2019-11-20 |i 1343742 |o 515.723 KRA 1980 |p 1343742 |r 2025-01-07 |w 2019-11-20 |y BK |k MAT | ||